000 01207nam a2200301 i 4500
001 65641
003 ES-MaACL
005 20251007203848.0
008 221024s2021 sp 001 0 spa
020 _a978-84-1377-989-8
040 _cES-MaACL
080 _a326(72+8)
245 0 4 _aLos márgenes de la esclavitud :
_bresistencia, control y abolición en el Caribe y América Latina /
_cConsuelo Naranjo Orovio, ed. ; José Luis Belmonte Postigo, Amadeo Julián, Beatriz Cruz Sotomayor ... [et al.].
260 _aMadrid :
_bDykinson,
_c[2021]
300 _a350 páginas ;
_c24 cm.
504 _aReferencias bibliográficas
650 7 _aEsclavitud-
_zAmérica Latina
_2
_9163646
650 4 _aMovimientos antiesclavistas.
_9136549
700 1 _aNaranjo Orovio, Consuelo
_epbl
_984927
700 1 _aBelmonte Postigo, José Luis,
_d1975-
_9234930
_eaut
700 1 _aJulián, Amadeo,
_d1943-
_eaut
_9175626
700 1 _aCruz Sotomayor, Beatriz.
_9175627
_eaut
852 4 _aES-MaACL
_jN-8033
_cDEPOJ
_968103
_hDonación: Consuelo Naranjo Orovio
903 _aNaranjo Orovio, Consuelo
_ednr
_984927
942 _cMONOGRAFIA
_n0
999 _c65641
_d65641